[Event "Bayern-ch Seniors op 27th"]
[Site "Bergen"]
[Date "2015.06.15"]
[Round "6"]
[White "Huetter, Heinz"]
[Black "Malik, Heinz"]
[Result "0-1"]
[WhiteElo "1447"]
[BlackElo "1609"]
[PlyCount "64"]
[EventDate "2015.06.15"]
[EventType "swiss"]
[EventRounds "9"]
[EventCountry "GER"]
[SourceTitle "EXT 2019"]
[Source "ChessBase"]
[SourceDate "2018.10.10"]
[SourceVersion "1"]
[SourceVersionDate "2018.10.10"]
[SourceQuality "1"]

1. d4 Nf6 2. c3 e6 3. Nf3 b6 4. Nbd2 Bb7 5. h3 c5 6. Qc2 d5 7. e3 Be7 8. Be2 Nbd7 9. b3 0-0 10. Bb2 Ne4 11. Bd3 Ndf6 12. Nh2 Rc8 13. c4 Nxd2 14. Qxd2 dxc4 15. Bxc4 Bxg2 16. Rg1 Bxh3 17. 0-0-0 cxd4 18. Qe2 Bf5 19. Rxd4 Qc7 20. Ng4 Bxg4 21. Rdxg4 Nxg4 22. Qxg4 g6 23. Kb1 Qd8 24. f4 Bf6 25. Bxe6 Qd3+ 26. Ka1 Bxb2+ 27. Kxb2 Rc2+ 28. Ka3 Qd6+ 29. b4 Qxe6 30. Qxe6 fxe6 31. Rd1 Rfc8 32. Ka4 Rxa2+ 0-1

[Event "Bayern-ch op Seniors 26th"]
[Site "Bergen"]
[Date "2014.06.28"]
[Round "8"]
[White "Huetter, Heinz"]
[Black "Kunte, Herbert"]
[Result "0-1"]
[WhiteElo "1438"]
[BlackElo "1603"]
[PlyCount "76"]
[EventDate "2014.06.21"]
[EventType "swiss"]
[EventRounds "7"]
[EventCountry "GER"]
[SourceTitle "EXT 2018"]
[Source "ChessBase"]
[SourceDate "2017.10.13"]
[SourceVersion "1"]
[SourceVersionDate "2017.10.13"]
[SourceQuality "1"]

1. Nf3 Nf6 2. g3 e6 3. b3 Be7 4. c4 0-0 5. d3 c5 6. Qc2 Nc6 7. a3 b6 8. e4 d6 9. Bg2 e5 10. Nc3 Bg4 11. Ne2 Qd7 12. h3 Be6 13. Ng5 h6 14. Nxe6 Qxe6 15. Bb2 Rfd8 16. 0-0-0 Nd4 17. Nxd4 cxd4 18. Kb1 Rac8 19. f4 Qd7 20. f5 b5 21. Qe2 bxc4 22. dxc4 Rb8 23. Rd3 Rb6 24. Ka2 Rdb8 25. Rb1 Qc7 26. g4 a5 27. h4 a4 28. Bc1 Nd7 29. Rh3 Nc5 30. b4 Nb3 31. Bf1 Rc6 32. Rhxb3 axb3+ 33. Kxb3 Bxh4 34. Kb2 Qa7 35. Qc2 Ra6 36. Ra1 Be1 37. Bd2 Bxd2 38. Qxd2 Qc7 0-1

[Event "Bayern-ch op Seniors 26th"]
[Site "Bergen"]
[Date "2014.06.25"]
[Round "5"]
[White "Huetter, Heinz"]
[Black "Lueders, Guenter"]
[Result "1/2-1/2"]
[WhiteElo "1438"]
[BlackElo "1659"]
[PlyCount "48"]
[EventDate "2014.06.21"]
[EventType "swiss"]
[EventRounds "7"]
[EventCountry "GER"]
[SourceTitle "EXT 2018"]
[Source "ChessBase"]
[SourceDate "2017.10.13"]
[SourceVersion "1"]
[SourceVersionDate "2017.10.13"]
[SourceQuality "1"]

1. Nf3 Nf6 2. g3 d5 3. c3 c6 4. d4 Bf5 5. Bg2 Nbd7 6. Nh4 Be6 7. 0-0 g6 8. b4 b5 9. Bf4 Bg7 10. Nd2 0-0 11. Nhf3 a5 12. a3 a4 13. Rc1 Rc8 14. h3 Nb6 15. g4 Ne8 16. Ne5 Nd6 17. Nd3 Ndc4 18. Nxc4 Nxc4 19. Ra1 Bd7 20. Ra2 f5 21. g5 Be8 22. Be5 Nxe5 23. Nxe5 Bxe5 24. dxe5 Bd7 1/2-1/2

[Event "Bayern-ch op Seniors 26th"]
[Site "Bergen"]
[Date "2014.06.22"]
[Round "2"]
[White "Huetter, Heinz"]
[Black "Reimann, Guenther"]
[Result "1/2-1/2"]
[WhiteElo "1438"]
[BlackElo "1768"]
[PlyCount "81"]
[EventDate "2014.06.21"]
[EventType "swiss"]
[EventRounds "7"]
[EventCountry "GER"]
[SourceTitle "EXT 2018"]
[Source "ChessBase"]
[SourceDate "2017.10.13"]
[SourceVersion "1"]
[SourceVersionDate "2017.10.13"]
[SourceQuality "1"]

1. d4 e6 2. g3 f5 3. Nf3 Nf6 4. c3 Be7 5. Bg2 d5 6. Nbd2 Nbd7 7. 0-0 Bd6 8. e3 0-0 9. Qc2 c6 10. c4 Ne4 11. c5 Bc7 12. b4 e5 13. Bb2 Nxd2 14. Qxd2 e4 15. Ne1 Nf6 16. f4 Qe8 17. Nc2 Bd7 18. Rfe1 Ng4 19. h3 Nf6 20. a4 a6 21. Bf1 Nh5 22. Kh2 Rf6 23. Be2 Rh6 24. Bxh5 Qxh5 25. Qg2 Bd8 26. Rh1 g5 27. Bc3 Rg6 28. Kg1 Kf7 29. Re1 gxf4 30. exf4 Bh4 31. Re3 Rag8 32. Be1 Qh6 33. Rh2 Qg7 34. Qe2 Bxg3 35. Bxg3 Rxg3+ 36. Rxg3 Qxg3+ 37. Rg2 Qxh3 38. Rxg8 Kxg8 39. Qg2+ Qxg2+ 40. Kxg2 Kf7 41. Kg3 1/2-1/2

[Event "Bayern-ch Seniors 24nd"]
[Site "Bergen"]
[Date "2012.06.23"]
[Round "8"]
[White "Huetter, Heinz"]
[Black "Sobottka, Manfred"]
[Result "1/2-1/2"]
[WhiteElo "1529"]
[BlackElo "1417"]
[PlyCount "78"]
[EventDate "2012.06.16"]
[EventType "swiss"]
[EventRounds "9"]
[EventCountry "GER"]
[SourceTitle "EXT 2015"]
[Source "ChessBase"]
[SourceDate "2014.11.20"]
[SourceVersion "1"]
[SourceVersionDate "2014.11.20"]
[SourceQuality "1"]

1. g3 d5 2. d4 Bf5 3. Bg2 Nf6 4. Nc3 e6 5. Nf3 Be7 6. 0-0 Nbd7 7. a3 c6 8. Bf4 Nh5 9. Bd2 Nhf6 10. Nh4 Bg6 11. Nxg6 hxg6 12. e4 dxe4 13. Nxe4 Nxe4 14. Bxe4 Nf6 15. Bg2 Qxd4 16. c3 Qd7 17. Qe2 0-0 18. Rad1 Qc8 19. Bg5 Re8 20. Rd4 Nd5 21. Bc1 Bf6 22. Rd3 Qc7 23. Qg4 Be7 24. c4 Nf6 25. Qf3 Rad8 26. Rfd1 Rxd3 27. Rxd3 Rd8 28. b4 Rxd3 29. Qxd3 Qe5 30. Be3 Qc7 31. Bf4 Qd7 32. Qe3 Ng4 33. Qxa7 Qd1+ 34. Bf1 Nxh2 35. Kxh2 Qxf1 36. Be3 Qxc4 37. Qxb7 Bf6 38. Bc5 Qd5 39. Qc8+ Kh7 1/2-1/2

[Event "Bayern-ch Seniors 24nd"]
[Site "Bergen"]
[Date "2012.06.19"]
[Round "4"]
[White "Huetter, Heinz"]
[Black "Ewald, Frithjof"]
[Result "1/2-1/2"]
[WhiteElo "1529"]
[BlackElo "1327"]
[PlyCount "152"]
[EventDate "2012.06.16"]
[EventType "swiss"]
[EventRounds "9"]
[EventCountry "GER"]
[SourceTitle "EXT 2015"]
[Source "ChessBase"]
[SourceDate "2014.11.20"]
[SourceVersion "1"]
[SourceVersionDate "2014.11.20"]
[SourceQuality "1"]

1. e4 e5 2. Nf3 Nc6 3. c3 Nf6 4. d3 d5 5. Qc2 d4 6. a3 a5 7. Be2 Bc5 8. Bg5 Qd6 9. Nbd2 Be6 10. 0-0 Qe7 11. Nb3 Ba7 12. cxd4 Bxb3 13. Qxb3 b6 14. dxe5 Nxe5 15. Qb5+ Ned7 16. Qc6 0-0 17. Rac1 Rfc8 18. Rc2 h6 19. Bxf6 Nxf6 20. h3 b5 21. Nh4 g6 22. Nf3 Nd7 23. Rfc1 Bb6 24. Qxb5 Rcb8 25. Qd5 Rd8 26. Qc6 Nf8 27. Bf1 Ne6 28. Rc4 Rab8 29. Qa4 Nf4 30. Qc2 Ne6 31. b4 axb4 32. axb4 Nf4 33. g3 Nh5 34. Kg2 Rd7 35. Rd1 Rbd8 36. Rd2 Nf6 37. Qb2 Ne8 38. Qe5 Nd6 39. Qxe7 Rxe7 40. Rc6 Kg7 41. Rdc2 Nc8 42. Rd2 Na7 43. Rc4 Nb5 44. Be2 Na3 45. Rc1 Nb5 46. Rb2 Rdd7 47. Rb3 Re6 48. Rc4 Ree7 49. Bf1 Re6 50. Rc1 Rd8 51. Rc2 Bd4 52. Rc4 Bb6 53. Rc2 Rd7 54. Rd2 f6 55. Be2 h5 56. Kf1 Rd8 57. Kg2 Rd7 58. g4 hxg4 59. hxg4 g5 60. Rb1 Kg6 61. Rh1 Kg7 62. Rdd1 Kg6 63. Rh5 Rh7 64. Rxh7 Kxh7 65. Rh1+ Kg6 66. Rc1 Kf7 67. Rh1 Kg6 68. Rh5 Re7 69. e5 Bd4 70. Bd1 Bxe5 71. Bb3 Bc3 72. Bc4 c6 73. Rh8 Bxb4 74. Rg8+ Rg7 75. Rc8 Na7 76. Ra8 c5 1/2-1/2

[Event "Bayern-ch Seniors 24nd"]
[Site "Bergen"]
[Date "2012.06.17"]
[Round "2"]
[White "Huetter, Heinz"]
[Black "Betzen, Wolfgang"]
[Result "0-1"]
[WhiteElo "1529"]
[BlackElo "1699"]
[PlyCount "96"]
[EventDate "2012.06.16"]
[EventType "swiss"]
[EventRounds "9"]
[EventCountry "GER"]
[SourceTitle "EXT 2015"]
[Source "ChessBase"]
[SourceDate "2014.11.20"]
[SourceVersion "1"]
[SourceVersionDate "2014.11.20"]
[SourceQuality "1"]

1. e4 Nf6 2. Nc3 d5 3. e5 d4 4. exf6 dxc3 5. bxc3 exf6 6. Nf3 Bd6 7. Be2 0-0 8. 0-0 b6 9. d4 Bb7 10. Be3 Re8 11. Re1 Nd7 12. Bd3 Nf8 13. c4 Bb4 14. Rf1 Bc3 15. Rb1 Bxf3 16. Qxf3 Bxd4 17. Bxd4 Qxd4 18. Rbd1 Qc5 19. Be4 Rab8 20. Bd3 Rbd8 21. Be2 Rxd1 22. Rxd1 Qe5 23. Bf1 Ne6 24. Qe3 Nc5 25. g3 Qxe3 26. fxe3 g6 27. Kf2 f5 28. Rd4 Kg7 29. Bd3 h5 30. Kf3 Kf6 31. a3 Re7 32. Rd8 a5 33. h4 Rd7 34. Rxd7 Nxd7 35. Kf4 Nc5 36. e4 fxe4 37. Bxe4 Nxe4 38. Kxe4 Ke6 39. a4 f6 40. c3 Kd6 41. Kd4 c6 42. c5+ bxc5+ 43. Kc4 g5 44. Kd3 gxh4 45. gxh4 f5 46. c4 Ke5 47. Ke3 f4+ 48. Kf3 Kf5 0-1

[Event "Bayern-ch Seniors 23rd"]
[Site "Bergen"]
[Date "2011.06.02"]
[Round "6"]
[White "Harke, Horst"]
[Black "Huetter, Heinz"]
[Result "1-0"]
[WhiteElo "1749"]
[BlackElo "1578"]
[PlyCount "123"]
[EventDate "2011.05.28"]
[EventType "swiss"]
[EventRounds "9"]
[EventCountry "GER"]
[SourceTitle "EXT 2012"]
[Source "ChessBase"]
[SourceDate "2011.11.24"]
[SourceVersion "1"]
[SourceVersionDate "2011.11.24"]
[SourceQuality "1"]

1. d4 g6 2. c4 Bg7 3. Nc3 c6 4. e4 d6 5. Be3 Nf6 6. Be2 0-0 7. Qd2 Ng4 8. Bxg4 Bxg4 9. h3 Bd7 10. Bh6 Qa5 11. Bxg7 Kxg7 12. Nf3 f6 13. 0-0 Qh5 14. Qe3 Na6 15. a3 Nc7 16. Ne2 Qh6 17. Qxh6+ Kxh6 18. Rfe1 e5 19. Nh2 Kg7 20. Rad1 Be6 21. d5 cxd5 22. cxd5 Bd7 23. Nf1 Rac8 24. Ne3 Rfd8 25. Rc1 Ne8 26. Rc3 Rxc3 27. Nxc3 Rc8 28. Kf1 a6 29. Ke2 Kf7 30. Kd2 Ke7 31. b4 b5 32. Ra1 f5 33. exf5 gxf5 34. a4 f4 35. Nc2 bxa4 36. Nxa4 Bb5 37. Nc3 Bc4 38. Na3 Nf6 39. Nxc4 Rxc4 40. Rxa6 Rxb4 41. Ra7+ Nd7 42. Kc2 h5 43. Na4 Kd8 44. Ra8+ Rb8 45. Rxb8+ Nxb8 46. Kd3 Nd7 47. Ke4 Kc7 48. Nc3 Nb6 49. Kd3 Nc8 50. Ke4 Ne7 51. g3 fxg3 52. fxg3 Kd7 53. h4 Ng8 54. Kf5 Ne7+ 55. Kg5 e4 56. Kf4 Ng8 57. Kxe4 Ke7 58. Kf5 Nf6 59. Kg6 Ng4 60. Kxh5 Ne3 61. Kg5 Kf8 62. h5 1-0

[Event "Bayern-ch Seniors 23rd"]
[Site "Bergen"]
[Date "2011.06.01"]
[Round "5"]
[White "Huetter, Heinz"]
[Black "Blutharsch, Walter"]
[Result "0-1"]
[WhiteElo "1578"]
[BlackElo "1759"]
[PlyCount "111"]
[EventDate "2011.05.28"]
[EventType "swiss"]
[EventRounds "9"]
[EventCountry "GER"]
[SourceTitle "EXT 2012"]
[Source "ChessBase"]
[SourceDate "2011.11.24"]
[SourceVersion "1"]
[SourceVersionDate "2011.11.24"]
[SourceQuality "1"]

1. e4 e5 2. Nf3 Nc6 3. a3 Nf6 4. Nc3 Be7 5. Be2 0-0 6. b4 d6 7. 0-0 b6 8. d3 Bb7 9. Re1 h6 10. h4 Qd7 11. Nh2 Nd4 12. Bf1 Nh7 13. Ne2 Ne6 14. c4 c5 15. Be3 Nd4 16. Nxd4 cxd4 17. Bd2 f5 18. f3 Bxh4 19. Re2 Nf6 20. b5 Nh5 21. Be1 Bg5 22. Qb3 Kh8 23. Bf2 fxe4 24. dxe4 Qf7 25. Rc2 Qg6 26. Re1 Nf4 27. Kh1 Ne6 28. Qb1 Rf7 29. Bd3 Raf8 30. Qd1 Be7 31. a4 Nc5 32. Ra2 Bd8 33. Rg1 Nxd3 34. Qxd3 Bxe4 35. Qa3 Bd3 36. Qb4 Qe6 37. Re1 Bxc4 38. Rc2 Bd3 39. Rc6 Qa2 40. Bg3 Bc7 41. Rec1 Bb8 42. Rc8 Bf5 43. Rxf8+ Rxf8 44. Bxe5 d3 45. Bc3 Rc8 46. Qd4 Qf7 47. Bd2 d5 48. Bxh6 Be5 49. Bxg7+ Bxg7 50. Qh4+ Kg8 51. Rd1 d4 52. Nf1 Qb3 53. Rd2 Qxa4 54. Qg5 Qxb5 55. Ng3 Bd7 56. Qg6 0-1

[Event "Bayern-ch Seniors 23rd"]
[Site "Bergen"]
[Date "2011.05.31"]
[Round "4"]
[White "Walther, Renate"]
[Black "Huetter, Heinz"]
[Result "0-1"]
[WhiteElo "773"]
[BlackElo "1578"]
[PlyCount "38"]
[EventDate "2011.05.28"]
[EventType "swiss"]
[EventRounds "9"]
[EventCountry "GER"]
[SourceTitle "EXT 2012"]
[Source "ChessBase"]
[SourceDate "2011.11.24"]
[SourceVersion "1"]
[SourceVersionDate "2011.11.24"]
[SourceQuality "1"]

1. e4 c5 2. Nc3 Nc6 3. Nf3 a6 4. d4 cxd4 5. Nxd4 e6 6. Nxc6 bxc6 7. Bd3 g6 8. 0-0 Bg7 9. Bd2 Ne7 10. Qe2 0-0 11. Rab1 Qc7 12. f4 Bb7 13. Na4 d6 14. f5 exf5 15. Bg5 fxe4 16. Bxe4 Rae8 17. Qe3 c5 18. Bxe7 Rxe7 19. Nc3 Bd4 0-1

[Event "Bayern-ch Seniors 22nd"]
[Site "Bergen"]
[Date "2010.06.15"]
[Round "4"]
[White "Schumacher, Ursula"]
[Black "Huetter, Heinz"]
[Result "1/2-1/2"]
[WhiteElo "1437"]
[BlackElo "1619"]
[PlyCount "47"]
[EventDate "2010.06.12"]
[EventType "swiss"]
[EventRounds "9"]
[EventCountry "GER"]
[SourceTitle "EXT 2011"]
[Source "ChessBase"]
[SourceDate "2010.11.26"]
[SourceVersion "1"]
[SourceVersionDate "2010.11.26"]
[SourceQuality "1"]

1. c4 Nf6 2. Nc3 c6 3. Nf3 e6 4. d4 d5 5. c5 Be7 6. b4 b5 7. a3 Nbd7 8. Bf4 Bb7 9. g3 h6 10. Bg2 Nf8 11. Ne5 N6d7 12. Nd3 Ng6 13. Qd2 Nxf4 14. Nxf4 Bg5 15. e3 Bxf4 16. exf4 0-0 17. 0-0 Nf6 18. Rfe1 a5 19. Na2 axb4 20. axb4 Nd7 21. Nc3 Qf6 22. Qe3 Qf5 23. Bf1 Rxa1 24. Rxa1 1/2-1/2

[Event "Bayern-ch Seniors 21st"]
[Site "Bergen"]
[Date "2009.06.23"]
[Round "4"]
[White "Huetter, Heinz"]
[Black "Bilyavskyy, Borys"]
[Result "0-1"]
[WhiteElo "1654"]
[BlackElo "1817"]
[PlyCount "88"]
[EventDate "2009.06.20"]
[EventType "swiss"]
[EventRounds "9"]
[EventCountry "GER"]
[SourceTitle "EXT 2015"]
[Source "ChessBase"]
[SourceDate "2014.11.20"]
[SourceVersion "1"]
[SourceVersionDate "2014.11.20"]
[SourceQuality "1"]

1. e4 c5 2. Nf3 d6 3. Be2 Nf6 4. c3 Nc6 5. d3 e5 6. 0-0 Be7 7. Nbd2 h6 8. a4 Be6 9. b3 0-0 10. Rb1 a5 11. Ba3 Qd7 12. Re1 g5 13. Nf1 g4 14. N3d2 Kg7 15. g3 Rg8 16. Ne3 Kh8 17. Ng2 Nh7 18. Bc1 Ng5 19. Rf1 Raf8 20. Nc4 Nh3+ 21. Kh1 Rg6 22. Nb6 Qe8 23. Nd5 Bd8 24. f4 f5 25. Qe1 Kh7 26. Rb2 Rg7 27. Qd2 Qg6 28. exf5 Bxf5 29. Nde3 Bd7 30. Nd5 Rgf7 31. b4 axb4 32. cxb4 cxb4 33. Bd1 Be6 34. Bb3 Nd4 35. Bc4 Nc6 36. Qe3 h5 37. Nxb4 Bxc4 38. dxc4 exf4 39. Nxf4 Nxf4 40. Rxf4 Rxf4 41. gxf4 Re8 42. Qd2 Qe4+ 43. Kg1 Bb6+ 44. Kf1 Qh1# 0-1